[Event "Mumbai Wealth op U13 4th"]
[Site "Mumbai"]
[Date "2019.01.05"]
[Round "7"]
[White "Vittanala, Shanmuk Saish"]
[Black "Medhansh, Rathi"]
[Result "0-1"]
[WhiteElo "1005"]
[BlackElo "1194"]
[PlyCount "116"]
[EventDate "2018.12.30"]
[EventType "swiss"]
[EventRounds "9"]
[EventCountry "IND"]
[SourceTitle "CBM 188 Extra"]
[Source "ChessBase"]
[SourceDate "2019.02.26"]
[SourceVersion "1"]
[SourceVersionDate "2019.02.26"]
[SourceQuality "1"]

1. e4 e5 2. Nf3 Nc6 3. Bb5 a6 4. Ba4 Nf6 5. Bxc6 dxc6 6. d3 Bd6 7. Nbd2 0-0 8. Nc4 Re8 9. Bd2 Bd7 10. Ne3 Qe7 11. h3 Rab8 12. g4 Be6 13. g5 Nd7 14. h4 Nf8 15. h5 Qd7 16. Nh4 g6 17. h6 Be7 18. Rg1 Qd8 19. Nc4 Bxc4 20. dxc4 Ne6 21. Qg4 Nd4 22. 0-0-0 Qc8 23. Qxc8 Rbxc8 24. Kb1 Rcd8 25. Rge1 Ne6 26. Be3 Nxg5 27. Bc1 Rxd1 28. Rxd1 Nxe4 29. Nf3 Bd6 30. Be3 f5 31. Ng5 Nxg5 32. Bxg5 Be7 33. Bxe7 Rxe7 34. Rd8+ Kf7 35. Rh8 Kf6 36. Kc1 Kg5 37. Rb8 b6 38. Ra8 a5 39. Kd2 Kxh6 40. Ke3 Kg5 41. Rd8 h5 42. Kf3 h4 43. Rh8 e4+ 44. Kg2 Kg4 45. Rh6 Rg7 46. c3 Kg5 47. Rh8 Rd7 48. b4 Re7 49. c5 axb4 50. cxb4 b5 51. Kh3 e3 52. Kg2 e2 53. f4+ Kg4 54. Rh6 e1Q 55. Rxg6+ Kh5 56. Rg5+ Kh6 57. Rxf5 Qg3+ 58. Kf1 Re1# 0-1